000 00462cam a22001337a 4500
008 180718b2006 xxu||||| |||| 00| 0 eng d
082 _aAPPPA/2005-06/SHA/41
100 _aSharma, Chander Mohan
245 _aEnergy security of India
_cby Chander Mohan Sharma
260 _aNew Delhi
_bIndian Institute of Public Administration
_c2006
300 _a78p.
500 _aAn APPPA M.Phil dissertation, 2005-06 (Guide: Dr. R.K. Barik)
650 _aEnergy security-India
999 _c493387
_d493387